000 00453pab a2200169 454500
008 180718b1998 xxu||||| |||| 00| 0 eng d
100 _aNayar, Baldev Raj
245 _aBusiness and India's economic policy reforms
260 _c1998
300 _ap.2453-468
362 _a19 Sep
650 _aEconomic reform - India
650 _aIndia - Economic policy
650 _aEconomic reform
773 _aEconomic and Political Weekly
909 _a38814
999 _c38814
_d38814